000 01145nam a2200337 a 4500
001 2128580
003 OSt
005 20140310184256.0
008 980106s1998 paua j 000 0 eng d
010 _a 97077909
020 _a1563977079
035 _a(OCoLC)39862639
040 _aInFw
_cInFw
_dMsHaU
_dDLC
042 _alccopycat
050 0 0 _aQH 48
_b.Sw975 2000
100 1 _aSwinburne, Stephen R.
_922869
245 1 0 _aLots and lots of zebra stripes :
_cwritten and photographed by Stephen R. Swinburne.
_bpatterns in nature /
250 _a1st ed.
260 _aHonesdale, Pa. :
_bBoyds Mill Press,
_c1998.
300 _bcol. ill. ;
_c21 cm.
521 _aG1
526 _cBR
650 0 _aNatural history
_vJuvenile literature.
_922870
650 0 _aPattern perception
_vJuvenile literature.
_922871
906 _a7
_bcbc
_ccopycat
_d2
_eopcn
_f19
_gy-gencatlg
942 _2lcc
_cBK-SCHOLAS
999 _c33406
_d33406